ਲੋਕ ਰੰਗ : (Record no. 71020)

MARC details
000 -LEADER
fixed length control field 01041nam a22002417a 4500
005 - DATE AND TIME OF LATEST TRANSACTION
control field 20130610105228.0
008 - FIXED-LENGTH DATA ELEMENTS--GENERAL INFORMATION
fixed length control field 090728t xxu||||| |||| 00| 0 pun d
010 ## - LCCN (DPL NO)
LC control number PUN-7443 B-494084-088
020 ## - INTERNATIONAL STANDARD BOOK NUMBER
Terms of availability 200.00
International Standard Book Number 9788178563619
035 ## - SYSTEM CONTROL NUMBER
System control number PN-6561 B-494084-088
037 ## - SOURCE OF ACQUISITION
Source of stock number/acquisition DBAD / PUB/Waris Shah Foundations
037 ## - SOURCE OF ACQUISITION
Source of stock number/acquisition BPPD/KKP
040 ## - CATALOGING SOURCE
Original cataloging agency dpl
Language of cataloging PN
082 ## - DEWEY DECIMAL CLASSIFICATION NUMBER
Classification number 851.08
100 ## - MAIN ENTRY--PERSONAL NAME
9 (RLIN) 37323
Personal name ਸ਼ੈਰੀ ਸਿੰਘ
245 ## - TITLE STATEMENT
Title ਲੋਕ ਰੰਗ :
Statement of responsibility, etc ਸ਼ੈਰੀ ਸਿੰਘ
Remainder of title ਪਾਠ ਅਤੇ ਪ੍ਰਸੰਗ /
246 ## - VARYING FORM OF TITLE
Title proper/short title Lok Rang: Path ate prasang
Remainder of title by Sherry Singh
260 ## - PUBLICATION, DISTRIBUTION, ETC. (IMPRINT)
Place of publication, distribution, etc Amritsar
Name of publisher, distributor, etc Waris Shah Foundations
Date of publication, distribution, etc 2012
270 ## - ADDRESS
City 42, Guru Teg Bahadur Nagar,
Address Amritsar (Pb)
Telephone number 0183-2450520
Postal code 143 002
300 ## - PHYSICAL DESCRIPTION
Extent 144ਪਂ;
Other physical details 21ਸੇਂਮੀ(ਸਜਿਲਦ)
942 ## - ADDED ENTRY ELEMENTS (KOHA)
Source of classification or shelving scheme Dewey Decimal Classification
Item type Punjabi Bks
Classification part 851.08
Call number suffix ਸ਼ੈਰੀਸਿੰ
Holdings
Withdrawn status Lost status Source of classification or shelving scheme Damaged status Not for loan Collection code Home library Current library Date acquired Source of acquisition Cost, normal purchase price Total Checkouts Full call number Barcode Date last seen Copy number Cost, replacement price Koha item type
    Dewey Decimal Classification     Non-fiction Central Library Central Library 10/06/2013 BPPD/162/21.2.13/2963/8.3.13/13.3.13 200.00   851.08 ਸ਼ੈਰੀਸਿੰ B-494084 10/06/2013 1 200.00 Punjabi Bks
    Dewey Decimal Classification     Non-fiction D.B.Act.Division D.B.Act.Division 19/10/2012 DBAD / PUB 200.00   851.08 ਸ਼ੈਰੀਸਿੰ PN-6561 19/10/2012 1 200.00 Punjabi Bks
    Dewey Decimal Classification     Non-fiction Mobile Library Mobile Library 10/06/2013 BPPD/162/21.2.13/2963/8.3.13/13.3.13 200.00   851.08 ਸ਼ੈਰੀਸਿੰ B-494085 10/06/2013 1 200.00 Punjabi Bks
    Dewey Decimal Classification     Non-fiction Mobile Library Mobile Library 10/06/2013 BPPD/162/21.2.13/2963/8.3.13/13.3.13 200.00   851.08 ਸ਼ੈਰੀਸਿੰ B-494086 10/06/2013 1 200.00 Punjabi Bks
    Dewey Decimal Classification     Non-fiction Sriniwas Puri Sriniwas Puri 10/06/2013 BPPD/162/21.2.13/2963/8.3.13/13.3.13 200.00   851.08 ਸ਼ੈਰੀਸਿੰ B-494088 10/06/2013 1 200.00 Punjabi Bks
    Dewey Decimal Classification     Non-fiction Tri Nagar Tri Nagar 10/06/2013 BPPD/162/21.2.13/2963/8.3.13/13.3.13 200.00   851.08 ਸ਼ੈਰੀਸਿੰ B-494087 10/06/2013 1 200.00 Punjabi Bks

© Delhi Public Library
Hit Counter
free hit counter